| 000 | 00937nam a2200265Ia 4500 | ||
|---|---|---|---|
| 003 | OSt | ||
| 005 | 20221005110703.0 | ||
| 006 | a|||||r|||| 00| 0 | ||
| 007 | ta | ||
| 008 | 221004b |||||||| |||| 00| 0 hin d | ||
| 020 | _c195 | ||
| 024 | _a12645 | ||
| 037 |
_bBR8175, 20/03/2014, Rajkamal Prakashan Pvt. Ltd. _cTextual |
||
| 040 |
_aCRL _cCRL _bhin |
||
| 041 |
_2hin _ahin |
||
| 082 | _aO152,3N46,UC, M9;N2 | ||
| 100 | _aबिष्ट, पंकज | ||
| 245 | 0 | _aउस चिड़िया का नाम | |
| 246 | _aUs chiड़iyā kā nāma | ||
| 260 |
_aनई दिल्ली _bराजकमल प्रकाशन भारत _c1992 |
||
| 300 |
_a248पृ0 _ccm. |
||
| 650 | _aहिन्दी साहित्य | ||
| 942 |
_hO152,3N46,UC, M9;N2 _cTEXL _2cc |
||
| 999 |
_c1019589 _d1019589 |
||